000 01422nam0a2200373 4500
001 RU\NLR\bibl\1675375
005 20260405174812.0
010 _a978-5-222-17564-4
_92500
021 _aRU
_b2010-62032
_94065
035 _a(nilc)RSL-KNO-004717838
035 _a(NLR Aleph) 001666616
090 _a1015082
_c1015082
100 _a20100809d2010 |||y0rusy50 ca
101 0 _arus
102 _aRU
105 _aa |||||||||
200 1 _aТайный язык тела
_iВсе об окружающих
_fИ. В. Щеголев, В. В. Людвич
210 _aРостов-на-Дону
_cФеникс
_d2010
215 _a180, [1] с.
_cил.
_d20
225 1 _aПсихологические этюды
320 _aБиблиогр.: с. 179
606 1 _aВнешний облик человека
_xПсихологические исследования
_92556372
_3RU\NLR\auth\661512435
606 1 _aГрафология
_91040559
_3RU\NLR\auth\66400627
610 0 _aязык тела
686 _aЮ953.2,0
_2rubbk
686 _aЮ9с793
686 _aЮ937-214
700 1 _4070
_8rus
_7ca
_aЩеголев
_bИ. В.
_gИлья Владимирович
_3RU\NLR\auth\7775970
_958898
701 1 _aЛюдвич
_bВ. В.
_gВладимир Викторович
_4070
801 0 _aRU
_bРГБ
_c20100809
_grcr
801 1 _aRU
_bРГБ
_c20100809
801 2 _aRU
_bNLR
_c20100917
_grcr
942 _cBOOK
980 _aNB